Fisiopatologia de les distròfies / pels professors J. i A. Oriol i Anguera
Descripción Física:
106 p. ; 25 cm
Otros Autores:
Oriol Anguera, A.
MARC
| LEADER | 00000nam a2200000Ia 4500 | ||
|---|---|---|---|
| 001 | 15263 | ||
| 008 | 160829s1936 xx 000 0 cat d | ||
| 080 | |a C-2-299 | ||
| 100 | |a Oriol Anguera, J. |9 46875 | ||
| 245 | |a Fisiopatologia de les distròfies / pels professors J. i A. Oriol i Anguera | ||
| 260 | |a Barcelona : |b [Escola Superior d'Agricultura], |c 1936 | ||
| 300 | |a 106 p. ; |c 25 cm | ||
| 590 | |a Extret d'Arxius de l'Escola Superior d'Agricultura. Nova sèrie, vol. 2, fascicle 1 (1936). | ||
| 590 | |a Extractes en castellà, anglès i esperanto. | ||
| 590 | |a Bibliografia. | ||
| 590 | |a Prové de R-862 | ||
| 650 | |a Tuberculosi |x Patogènesi |9 42532 | ||
| 650 | |a Tuberculosi |x Tractament |9 42533 | ||
| 650 | |a Metabolisme |9 42534 | ||
| 700 | |a Oriol Anguera, A. |9 42535 | ||
| 710 | 2 | |a Escola Superior d'Agricultura de Barcelona |9 70055 | |
| 901 | |a Arxiu | ||
| 942 | |n 1 | ||
| 952 | |0 0 |1 0 |4 0 |6 C2299 |7 1 |9 50889 |a Arxiu |b Arxiu |d 2016-12-01 |l 0 |o C-2-299 |p 15263 |r 2016-12-01 00:00:00 |w 2016-12-01 |y ARXIU | ||
| 999 | |c 54731 |d 54731 | ||